• 首页
  • 本馆介绍
  • 公告通知
  • 最新文献
  • 馆藏检索
  • 电子资源
  • 读者导购
  • 参考咨询
  • 我的图书馆
  • 登录
  • 详细信息显示
  • 放入我的书架
  • 预约/预借图书
  • 作者相关作品
  • 分类相关作品
  • 丛书相关作品
  • 出版社相关作品

书目信息

  • 表格格式
  • 工作单格式
  • 卡片格式
题名:
幼儿舞蹈创编
    
 
作者: 弋黎,晁世奇主编
分册:  
出版信息: 北京   航空工业出版社  2018
页数: 145页
开本: 26cm
丛书名:
单 册:
中图分类: J722.3
科图分类:
主题词: 儿童舞蹈--舞蹈编导--幼儿师范学校--教材
电子资源:
ISBN: 978-7-5165-1703-1
000 01112nam0 2200229 450
001 012001007868
005 20130121152611.0
010    @a978-7-5165-1703-1@dCNY42.00
100    @a20190513d2018 em y0chiy50 ea
101 0  @achi
102    @aCN@b110000
105    @aa z 000yy
106    @ar
200 1  @a幼儿舞蹈创编@b专著@f弋黎,晁世奇主编
210    @a北京@c航空工业出版社@d2018
215    @a145页@c图@d26cm
300    @a学前教育专业“十三五”规划教材 “互联网+学前教育专业”立体化教材 含微课
330    @a本书以“师范院校舞蹈人才培养方案及课程要求”为指导,以教育部颁发的《幼儿师范学校教学计划》为依据,按照学前教育舞蹈教学工作的实际需求组织编写,求进一步完善、提升学前教育专业学生的舞蹈知识结构和综合能力。本书专业特点 突出,编写过程中认真总结了学前教育专业舞蹈教师多年的教学经验及科研成果,融合当今国际前沿的学前教育理念,将现有的舞蹈教学目标、教学体系、教学课时等进行了一系列的分配调整,使其更接近学前教育专业学生的培养标准,更利于学生学习和掌握。
606 0  @a儿童舞蹈@x舞蹈编导@x幼儿师范学校@j教材
690    @aJ722.3@v5
801  2 @aCN@b上海新华@c20191020
905    @b1134164-7@dJ722.3@e231@f4
    
    幼儿舞蹈创编/弋黎,晁世奇主编.-北京:航空工业出版社,2018
    145页:图;26cm
    学前教育专业“十三五”规划教材 “互联网+学前教育专业”立体化教材 含微课
    
    ISBN 978-7-5165-1703-1:CNY42.00
    本书以“师范院校舞蹈人才培养方案及课程要求”为指导,以教育部颁发的《幼儿师范学校教学计划》为依据,按照学前教育舞蹈教学工作的实际需求组织编写,求进一步完善、提升学前教育专业学生的舞蹈知识结构和综合能力。本书专业特点 突出,编写过程中认真总结了学前教育专业舞蹈教师多年的教学经验及科研成果,融合当今国际前沿的学前教育理念,将现有的舞蹈教学目标、教学体系、教学课时等进行了一系列的分配调整,使其更接近学前教育专业学生的培养标准,更利于学生学习和掌握。
●
相关链接 在E读中查询图书 在五车中查询图书 在当当中查询图书 在豆瓣中查询图书


正题名:幼儿舞蹈创编     索取号:J722.3/231         预约/预借

序号 登录号 条形码 馆藏地/架位号 状态 备注
1 1134164   211341644   第一样本阅览室/ [索取号:J722.3/231] 在馆    
2 1134165   211341653   第一借阅区/ [索取号:J722.3/231] 在馆    
3 1134166   211341662   第一借阅区/ [索取号:J722.3/231] 在馆    
4 1134167   211341671   第一借阅区/ [索取号:J722.3/231] 在馆    
唐山师范学院图书馆 欢迎您!
大连网信软件有限公司© 版权所有